| 000 | 00642pam a2200217 a 4500 | ||
|---|---|---|---|
| 001 | 2928889 | ||
| 005 | 20180126072421.0 | ||
| 008 | 891130s1990 nyua 000 0 eng | ||
| 010 | _a 89071017 | ||
| 020 |
_a0136845495 : _c$40.00 |
||
| 040 |
_aDLC _cDLC _dDLC |
||
| 041 | _aeng | ||
| 080 | _a610 dou | ||
| 082 | 0 | 0 |
_a610 dou _220 |
| 100 | _a3 | ||
| 101 | _ashm | ||
| 245 | 0 | 4 |
_aThe Power to heal : _c[compiled by] Rick Smolan, Phillip Moffitt, Matthew Naythons. |
| 906 |
_a7 _bcbu _corignew _d1 _eopcn _f19 _gy-gencatlg |
||
| 942 |
_2ddc _cBK |
||
| 999 |
_c40984 _d40984 |
||